| 000 | 004300000a22001570004500 | ||
|---|---|---|---|
| 005 | 20120302064624.0 | ||
| 942 | _cBOOK | ||
| 100 | _a Apte , Va.Go. | ||
| 245 | _a Marathi Bhasheche Sampradaya Va Mhanee ( Engrajee Paryayasaha) | ||
| 250 | _a 7 th | ||
| 260 | _aPune: Varada Books , 1990. | ||
| 300 | _a6+260+32= 298 p. | ||
| 040 | _amar | ||
| 365 | _bRs.60 /- | ||
| 650 | _aMarathi Bhasha / Mhani / Mhanee / Sampradaya (Idiom) | ||
| 999 |
_c362633 _d362630 |
||